000 00311nam a22001337a 4500
008 170508b xxu||||| |||| 00| 0 eng d
020 _a9781594606847
041 _aeng
080 _a34
100 _a14
101 _aSHJ
245 _aLAWTERS CROSSING LINES TEN STORIES
_cSIEGEL.M.L
942 _2udc
_cBK
999 _c12900
_d12900